Metals Handbook: Heat Treating, Cleaning, and Finishing Vol. 2 (Record no. 61028)

000 -LEADER
fixed length control field 00749nam a22001937a 4500
003 - CONTROL NUMBER IDENTIFIER
control field NUST-PNEC
005 - DATE AND TIME OF LATEST TRANSACTION
control field 20170116180712.0
008 - FIXED-LENGTH DATA ELEMENTS--GENERAL INFORMATION
fixed length control field 141015b xxu||||| |||| 00| 0 eng d
040 ## - CATALOGING SOURCE
Transcribing agency PNEC
082 ## - DEWEY DECIMAL CLASSIFICATION NUMBER
Classification number 671 LYM
100 ## - MAIN ENTRY--PERSONAL NAME
9 (RLIN) 598
Personal name Lyman Taylor
245 ## - TITLE STATEMENT
Title Metals Handbook: Heat Treating, Cleaning, and Finishing Vol. 2
Remainder of title Taylor Lyman
250 ## - EDITION STATEMENT
Edition statement 8th ed.
260 ## - PUBLICATION, DISTRIBUTION, ETC.
Place of publication, distribution, etc. Metals Park, Ohio
Name of publisher, distributor, etc. American Soc. for Metals
Date of publication, distribution, etc. c.1964
300 ## - PHYSICAL DESCRIPTION
Extent XV, 708 p.
Other physical details Ill., graph. Darst
Dimensions 29 cm.
500 ## - GENERAL NOTE
General note http://www.amazon.com/Metals-Handbook-Treating-Cleaning-Finishing/dp/B000UGA4ZK/ref=sr_1_1?s=books&ie=UTF8&qid=1413354506&sr=1-1&keywords=metals+handbook+8th+edition+vol+2+heat+treating%2C+cleaning+and+finishing
650 ## - SUBJECT ADDED ENTRY--TOPICAL TERM
General subdivision ME
942 ## - ADDED ENTRY ELEMENTS (KOHA)
Source of classification or shelving scheme
Koha item type Book
Holdings
Withdrawn status Lost status Source of classification or shelving scheme Damaged status Not for loan Permanent Location Current Location Shelving location Date acquired Source of acquisition Cost, normal purchase price Total Checkouts Full call number Barcode Date last seen Cost, replacement price Price effective from Koha item type
          Pakistan Navy Engineering College (PNEC) Pakistan Navy Engineering College (PNEC) Reference   - 0.00   671 LYM PNECLIB-003087 10/15/2014 0.00   Book
          Pakistan Navy Engineering College (PNEC) Pakistan Navy Engineering College (PNEC) Reference   - 0.00   671 LYM PNECLIB-003088 10/15/2014 0.00   Book
© 2023 Central Library, National University of Sciences and Technology. All Rights Reserved.